| 000 | 01517nam0a2200421 4500 | ||
|---|---|---|---|
| 001 | RU\NLR\bibl\412174 | ||
| 005 | 20250622171339.0 | ||
| 010 |
_a5-87643-054-4 _91000 |
||
| 021 |
_aRU _b2003-20817 _9964 |
||
| 035 | _a(NLR Aleph) 000406227 | ||
| 090 |
_a606392 _c606392 |
||
| 100 | _a20030606d2003 |||y0rusy50 ca | ||
| 101 | 0 | _arus | |
| 102 | _aRU | ||
| 105 | _aa ||||||||| | ||
| 200 | 1 |
_aВиноград в Сибири и на Урале _eПутеводитель по сортам _fТ. Я. Ященко |
|
| 210 |
_aБийск _cКедр _d2003 |
||
| 215 |
_a80 с., [8] л. ил. _d21 |
||
| 320 | _aБиблиогр.: с. 74 | ||
| 606 | 0 |
_aВиноградная лоза _jСправочники _xСорта _yУрал _92295647 _3RU\NLR\auth\661374632 |
|
| 606 | 0 |
_aВиноградная лоза _jСправочники _xСорта _yСибирь _92295649 _3RU\NLR\auth\661374633 |
|
| 610 | 0 | _aВиноград - Сорта | |
| 610 | 0 | _aСибирь | |
| 610 | 0 | _aУрал, виноградарствовиноградарство | |
| 675 |
_a634.8:631.526.32(470.5 _v3 _zrus |
||
| 675 |
_a571.1/.5) _v3 _zrus |
||
| 686 |
_a68.35 _2rugasnti |
||
| 686 |
_a42.36 _2rubbk |
||
| 686 | _aП26,1-36(2Р5)я2 | ||
| 686 | _aП26,1-36(2Р36)я2 | ||
| 700 | 1 |
_aЯщенко _bТ. Я. _gТамара Яковлевна _4070 |
|
| 801 | 0 |
_aRU _bRKP _c20030606 _gPSBO |
|
| 801 | 1 |
_aRU _bRKP _c20030606 |
|
| 801 | 2 |
_aRU _bNLR _c20030721 _grcr |
|
| 942 | _cBOOK | ||
| 980 | _aNB | ||
| 980 | _aNBR | ||